[Event "NOR-ch 2018"]
[Site "Moss"]
[Date "2018.07.12"]
[Round "7"]
[White "Thanke, Bror"]
[Black "Moen, Ole Christian"]
[Result "1-0"]
[WhiteElo "2190"]
[BlackElo "2201"]
[Annotator "NA"]
[PlyCount "129"]
[EventDate "2018.07.06"]
[EventCountry "NOR"]
[SourceTitle "playchess.com"]
[Source "ChessBase"]
[SourceQuality "1"]

1. d4 Nf6 2. c4 e6 3. Nf3 c5 4. d5 d6 5. Nc3 e5 {E10: Blumenfeld Gambit} (5... exd5 6. cxd5 g6 7. Bf4 Bg7 8. e3 O-O 9. h3 Qe7 10. Nd2 Nh5 11. Bh2 f5 12. Be2 f4 13. O-O fxe3 14. Nde4 exf2+ 15. Kh1 Bxc3 16. Nxc3 {0-1 (49) Xiong,J (2665)-Caruana,F (2804) Saint Louis 2018}) 6. e4 g6 7. Be2 Bg7 8. h3 O-O 9. Be3 Nh5 10. Qd2 Nd7 11. O-O-O $146 ({Predecessor:} 11. g4 Nf4 12. Bxf4 exf4 13. Qxf4 Qe7 14. O-O f5 15. Qe3 fxg4 16. hxg4 Ne5 17. Nxe5 Bxe5 {0-1 (28) Hertel,O (2051)-Harasta,I (2141) Slovakia 2010}) 11... a6 12. Ne1 Nf4 13. Bf1 Qa5 14. g3 Nh5 15. a3 Rb8 16. Ne2 Qxd2+ 17. Rxd2 b5 18. g4 Nhf6 19. Ng3 Nb6 20. g5 Ne8 21. cxb5 axb5 22. Bxb5 Nxd5 23. Bxe8 Nxe3 24. fxe3 Rxe8 25. Rxd6 Bf8 26. Rd3 Be6 27. Nf3 Bb3 28. Rc3 Rb7 29. Nd2 Be6 30. Kc2 Rd8 31. Rh2 c4 32. Nxc4 Rdb8 33. b4 Be7 34. h4 Ra8 35. Na5 Rxb4 36. axb4 Bxb4 37. Rc6 Rxa5 38. Kb1 Be1 39. Nf1 Bd7 40. Rb6 Bb5 41. Nd2 Bd3+ 42. Kb2 Rc5 43. Rd6 Rb5+ 44. Kc3 Bb1 45. Rh1 Bxd2+ 46. Rxd2 Bxe4 47. Ra1 Bd5 48. Ra7 Kg7 49. Re7 Rb3+ 50. Kc2 Rb5 {[#]} 51. Kc1 $1 Bc6 52. Rd6 Rc5+ 53. Kd2 Bf3 54. Rdd7 Rd5+ 55. Rxd5 Bxd5 56. Rxe5 Be6 57. Kd3 h6 $2 {[#]} (57... Ba2 $18 58. Ra5 Bb1+ 59. Kd4 h5) 58. Kd4 (58. Rxe6 $142 $1 {[%mdl 512]} hxg5 (58... fxe6 59. Ke4) 59. Re4) 58... hxg5 59. hxg5 Ba2 60. Ra5 Bb3 61. Ke5 Bc4 62. Ra7 Bb3 63. e4 Bc2 64. Kd4 Kf8 65. e5 1-0

[Event "NOR-ch 2018"]
[Site "Moss"]
[Date "2018.07.12"]
[Round "7"]
[White "Andersen, Alf Roger"]
[Black "Gonzalez, Francisco Silva"]
[Result "1-0"]
[WhiteElo "2180"]
[BlackElo "2045"]
[Annotator "NA"]
[PlyCount "67"]
[EventDate "2018.07.06"]
[EventCountry "NOR"]
[SourceTitle "playchess.com"]
[Source "ChessBase"]
[SourceQuality "1"]

1. b3 e5 2. Bb2 Nc6 3. e3 Nf6 4. Be2 a6 5. Nf3 e4 6. Nd4 d5 7. Nxc6 bxc6 8. d3 Bf5 9. Nd2 exd3 10. cxd3 Bd6 11. Rc1 Bd7 12. e4 Bf4 13. O-O O-O 14. e5 Ne8 15. Rc2 f6 16. d4 fxe5 17. dxe5 Qg5 18. Nf3 Qg6 19. g3 Bh3 20. Re1 Qh6 21. Bc1 Bxc1 22. Qxc1 Qg6 23. Rxc6 Qf7 24. Qe3 h6 25. Nd4 Qe7 26. Bf3 Kh8 27. Rxh6+ gxh6 28. Qxh6+ Kg8 29. Bxd5+ Rf7 30. Qxh3 Rd8 31. Nc6 Rxd5 32. Qg4+ Kf8 33. Nxe7 Rxe7 34. Qf3+ 1-0

[Event "NOR-ch 2018"]
[Site "Moss"]
[Date "2018.07.12"]
[Round "7"]
[White "Nielsen, Andre"]
[Black "Vitenberg, Noam Aviv"]
[Result "1-0"]
[WhiteElo "2178"]
[BlackElo "2220"]
[Annotator "NA"]
[PlyCount "109"]
[EventDate "2018.07.06"]
[EventCountry "NOR"]
[SourceTitle "playchess.com"]
[Source "ChessBase"]
[SourceQuality "1"]

1. e4 c6 2. d4 d5 3. Nc3 dxe4 4. Nxe4 Bf5 5. Ng3 Bg6 6. h4 h6 7. Nf3 Nd7 8. h5 Bh7 9. Bd3 Bxd3 10. Qxd3 e6 11. Bd2 Ngf6 12. O-O-O Be7 13. Ne4 Nxe4 14. Qxe4 Nf6 15. Qe2 Qd5 16. Kb1 Qb5 17. Qxb5 cxb5 18. Ne5 Rc8 19. Rh3 O-O 20. Rb3 a6 21. a4 Rfd8 22. axb5 Rxd4 23. bxa6 bxa6 24. Rb7 Bc5 25. Nd3 Nxh5 26. Be3 Rd6 27. Bxc5 Rxc5 28. Nxc5 Rxd1+ 29. Ka2 Rd5 30. Nd7 Nf4 31. Rb8+ Kh7 32. Nf8+ Kg8 33. Nxe6+ Kh7 34. Nxf4 Rd2 35. Nd3 Rxc2 36. Kb3 Re2 37. Rb6 g5 38. Rxa6 h5 39. Kc3 h4 40. Ra5 f6 41. b4 Kh6 42. Ra6 Kg7 43. b5 g4 44. Ra1 Re6 45. Rh1 g3 46. fxg3 hxg3 47. Rh3 Re3 48. b6 Re6 49. Rxg3+ Kf7 50. b7 Rc6+ 51. Nc5 Rxc5+ 52. Kb4 Rc1 53. b8=Q Rb1+ 54. Rb3 Rxb3+ 55. Kxb3 1-0

[Event "NOR-ch 2018"]
[Site "Moss"]
[Date "2018.07.12"]
[Round "7"]
[White "Nilsen, Tobias Lang"]
[Black "Tryggestad, Andreas Garberg"]
[Result "0-1"]
[WhiteElo "2117"]
[BlackElo "2302"]
[Annotator "ChessBase"]
[PlyCount "84"]
[EventDate "2018.07.06"]
[EventCountry "NOR"]
[SourceTitle "playchess.com"]
[Source "ChessBase"]
[SourceQuality "1"]

1. e4 c5 2. Nf3 e6 3. d4 cxd4 4. Nxd4 Nc6 5. Nc3 Qc7 6. Be3 Nf6 7. Be2 Be7 8. O-O O-O 9. f4 d6 10. Qe1 Nxd4 11. Bxd4 e5 12. Be3 exf4 13. Rxf4 Be6 14. Rd1 Nd7 15. Bd4 Ne5 16. Qg3 a6 17. Rff1 Ng6 18. Qe3 b5 19. a3 h6 20. Bb6 Qc6 21. Bf3 Ne5 22. Bd4 Bg5 23. Qf2 Rac8 24. Qg3 a5 25. h4 Bd8 26. Be3 Kh7 27. Nd5 Qxc2 28. Nf4 Qb3 29. Rde1 Qxb2 30. Bh5 Be7 31. Be2 Nc4 32. Nxe6 fxe6 33. Bxc4 bxc4 34. h5 Kh8 35. Qg6 Rf6 36. Qg4 Rcf8 37. Rxf6 Qxf6 38. e5 Qh4 39. Qe2 d5 40. Bd2 Bc5+ 41. Be3 d4 42. Bf2 d3 0-1

[Event "NOR-ch 2018"]
[Site "Moss"]
[Date "2018.07.12"]
[Round "7"]
[White "Skotheim, Andreas"]
[Black "Martinsen, Stig K"]
[Result "1/2-1/2"]
[WhiteElo "2109"]
[BlackElo "2189"]
[Annotator "NA"]
[PlyCount "90"]
[EventDate "2018.07.06"]
[EventCountry "NOR"]
[SourceTitle "playchess.com"]
[Source "ChessBase"]
[SourceQuality "1"]

1. d4 Nf6 2. c4 e6 3. Nc3 c5 4. d5 exd5 5. cxd5 d6 6. Nf3 g6 7. h3 Bg7 8. Bf4 {A61: Modern Benoni: Nf3 without early e4} O-O 9. e3 Na6 (9... Qe7 10. Nd2 Nh5 11. Bh2 f5 12. Be2 f4 13. O-O fxe3 14. Nde4 exf2+ 15. Kh1 Bxc3 16. Nxc3 {0-1 (49) Xiong,J (2665)-Caruana,F (2804) Saint Louis 2018}) 10. Nd2 Nc7 11. Nc4 b5 12. Bxd6 bxc4 13. Bxf8 Bxf8 14. Bxc4 Bb7 15. e4 Qe7 16. Qd3 $146 Re8 17. O-O Qe5 18. Rad1 Bd6 19. f4 Qd4+ 20. Kh2 Nxe4 21. Qxd4 cxd4 22. Rxd4 Nf6 23. a3 g5 24. g3 gxf4 25. gxf4 Re3 26. Kg2 Bc8 27. Rf3 Rxf3 28. Kxf3 Bxh3 29. Ne4 Nxe4 30. Rxe4 Kg7 31. Ba2 Bc8 32. Re1 Bf5 33. Bb1 Kf6 34. Bxf5 Kxf5 35. Rh1 Nxd5 36. Rxh7 Kg6 37. Rh8 Kf5 38. Rh7 Kg6 39. Rh8 Kf5 40. Rh7 Ke6 41. f5+ Ke7 $11 42. Rh1 Nb6 43. Ke4 Nc4 44. Kd5 Ne3+ 45. Ke4 Nc4 1/2-1/2

[Event "NOR-ch 2018"]
[Site "Moss"]
[Date "2018.07.12"]
[Round "7"]
[White "Kizatbay, Abyl"]
[Black "Lund, Gunnar"]
[Result "0-1"]
[WhiteElo "2088"]
[BlackElo "2216"]
[Annotator "NA"]
[PlyCount "60"]
[EventDate "2018.07.06"]
[EventCountry "NOR"]
[SourceTitle "playchess.com"]
[Source "ChessBase"]
[SourceQuality "1"]

1. e4 c5 2. Nf3 e6 3. g3 Nc6 4. Bg2 g6 5. d4 cxd4 6. Nxd4 a6 7. O-O Bg7 8. Be3 Nge7 9. Nc3 O-O 10. Qd2 Ne5 11. Qe2 b5 12. f4 Nc4 13. f5 Nxe3 14. Qxe3 Nc6 15. Nxc6 dxc6 16. f6 Bxf6 17. e5 Bg5 18. Qc5 Qe7 19. Qf2 Qa7 20. Qxa7 Rxa7 21. Bxc6 Rc7 22. Bf3 Be3+ 23. Kg2 Bd4 24. Rad1 Bxe5 25. Be4 f5 26. Bd3 Bb7+ 27. Kh3 Bxc3 28. bxc3 Rxc3 29. Rb1 g5 30. a4 Rf6 0-1

[Event "NOR-ch 2018"]
[Site "Moss"]
[Date "2018.07.12"]
[Round "7"]
[White "Huse, Sigurd Kjelsbol"]
[Black "Risting, Eivind Olav"]
[Result "1-0"]
[WhiteElo "2085"]
[BlackElo "2317"]
[Annotator "NA"]
[PlyCount "113"]
[EventDate "2018.07.06"]
[EventCountry "NOR"]
[SourceTitle "playchess.com"]
[Source "ChessBase"]
[SourceQuality "1"]

1. e4 c6 2. d4 d5 3. Nc3 dxe4 4. Nxe4 Nf6 5. Nxf6+ exf6 6. Bc4 Qe7+ 7. Qe2 Be6 8. Bb3 Na6 9. c3 Nc7 10. Bf4 Nd5 11. Bg3 h5 12. h3 a5 13. c4 Nb6 14. c5 Nd5 15. Nf3 a4 16. Bd6 Qd7 17. Bxd5 cxd5 18. Bxf8 Kxf8 19. O-O g6 20. Rac1 Kg7 21. Rc3 Rhe8 22. Qd2 Qb5 23. Re1 Rac8 24. Qc1 Qb4 25. Qd2 Qb5 26. Rce3 Bd7 27. Rxe8 Rxe8 28. Rxe8 Bxe8 29. a3 Bc6 30. Ne1 Qb3 31. Qc2 Qb5 32. Nd3 Bd7 33. Nb4 Bf5 34. Qd2 Be6 35. Qc2 Bf5 36. Qd2 Be6 37. Qd3 Qd7 38. Qf3 Qd8 39. Qd1 Qd7 40. c6 bxc6 41. Qxa4 Qd6 42. Qxc6 Qf4 43. Qc3 h4 44. Nd3 Qg5 45. Qc1 Qh5 46. b4 Qe2 47. Nf4 Qe4 48. Nxe6+ fxe6 49. b5 Qxd4 50. Qc7+ Kh6 51. b6 e5 52. b7 Qd2 53. b8=Q Qe1+ 54. Kh2 Qxf2 55. Qc1+ g5 56. Qh8+ Kg6 57. Qg8+ 1-0

[Event "NOR-ch 2018"]
[Site "Moss"]
[Date "2018.07.12"]
[Round "7"]
[White "Machlik, Monika"]
[Black "Solberg, Joachim"]
[Result "1/2-1/2"]
[WhiteElo "2051"]
[BlackElo "2263"]
[Annotator "NA"]
[PlyCount "83"]
[EventDate "2018.07.06"]
[EventCountry "NOR"]
[SourceTitle "playchess.com"]
[Source "ChessBase"]
[SourceQuality "1"]

1. d4 Nf6 2. c4 e6 3. Nc3 Bb4 4. Qc2 O-O 5. a3 Bxc3+ 6. Qxc3 b6 7. Bg5 Bb7 8. f3 d6 9. e3 h6 10. Bh4 Nbd7 11. Bd3 c5 12. Ne2 Rc8 13. O-O cxd4 14. Qxd4 Qc7 15. Rac1 e5 16. Qc3 e4 17. fxe4 Nxe4 18. Bxe4 Bxe4 19. Ng3 Bg6 20. Nf5 Bxf5 21. Rxf5 Ne5 22. b3 b5 23. Bg3 Qd7 24. Rf4 bxc4 25. bxc4 Rfe8 26. Rd4 Qe6 27. Bxe5 Qxe5 28. Rd3 Qc5 29. Qd4 Re6 30. Qxc5 Rxc5 31. Rcc3 Kf8 32. Rd4 Ke7 33. Rb3 Rc7 34. Kf2 Re5 35. Ke2 Rg5 36. g3 Ra5 37. Kd3 Rh5 38. h4 Ra5 39. Re4+ Kd7 40. Rd4 Ke7 41. Re4+ Kd7 42. Rd4 1/2-1/2

[Event "NOR-ch 2018"]
[Site "Moss"]
[Date "2018.07.12"]
[Round "7"]
[White "Melaa, Sondre"]
[Black "Dias, Ethan"]
[Result "1-0"]
[WhiteElo "2019"]
[BlackElo "1782"]
[Annotator "NA"]
[PlyCount "123"]
[EventDate "2018.07.06"]
[EventCountry "NOR"]
[SourceTitle "playchess.com"]
[Source "ChessBase"]
[SourceQuality "1"]

1. d4 Nf6 2. Bf4 e6 3. e3 c5 4. c3 b6 5. Nf3 Be7 6. Nbd2 Bb7 7. Bd3 O-O 8. Qe2 Nh5 9. Bg3 d6 10. Rd1 cxd4 11. exd4 Nxg3 12. hxg3 g6 13. Qe3 h5 14. g4 h4 15. g5 Kg7 16. Rxh4 Rh8 17. Qf4 Rxh4 18. Qxh4 Qh8 19. Qxh8+ Kxh8 20. Ke2 Nd7 21. Ke3 Bxf3 22. Nxf3 Rc8 23. Bb5 Nb8 24. a4 Kg7 25. Rh1 Rc7 26. Kf4 Rb7 27. Bd3 Rc7 28. Ra1 Bd8 29. Kg4 Rb7 30. Be4 Rc7 31. Nd2 Rc8 32. f4 Rc7 33. Bf3 Re7 34. Ne4 Rd7 35. Re1 d5 36. Nf2 Rc7 37. Nd3 Nd7 38. Kg3 Be7 39. Ra1 Rc8 40. Be2 Bd6 41. Nf2 Be7 42. Ng4 Bd6 43. Bb5 Nb8 44. Rh1 a6 45. Nf6 Rh8 46. Ne8+ Kg8 47. Rxh8+ Kxh8 48. Nxd6 axb5 49. Nxf7+ Kg7 50. Nd8 bxa4 51. Nxe6+ Kf7 52. Nc7 Nd7 53. Nxd5 Ke6 54. Ne3 b5 55. Kf3 Nb6 56. g4 Nc8 57. f5+ gxf5 58. gxf5+ Kf7 59. Ke4 Nd6+ 60. Kd5 Nc8 61. Kc5 Na7 62. Kb6 1-0

[Event "NOR-ch 2018"]
[Site "Moss"]
[Date "2018.07.12"]
[Round "7"]
[White "Melaa, Sondre Lillestøl"]
[Black "Dias, Ethan"]
[Result "*"]
[WhiteElo "2019"]
[BlackElo "1782"]
[Annotator "NA"]
[PlyCount "54"]
[EventDate "2018.07.06"]
[EventCountry "NOR"]
[SourceTitle "playchess.com"]
[Source "ChessBase"]
[SourceQuality "1"]

1. d4 Nf6 2. Bf4 e6 3. e3 c5 4. c3 b6 5. Nf3 Be7 6. Nbd2 Bb7 7. Bd3 O-O 8. Qe2 Nh5 9. Bg3 d6 10. Rd1 cxd4 11. exd4 Nxg3 12. hxg3 g6 13. Qe3 h5 14. g4 h4 15. g5 Kg7 16. Rxh4 Rh8 17. Qf4 Rxh4 18. Qxh4 Qh8 19. Qxh8+ Kxh8 20. Ke2 Nd7 21. Ke3 Bxf3 22. Nxf3 Rc8 23. Bb5 Nb8 24. a4 Kg7 25. Rh1 Rc7 26. Kf4 Rb7 27. Bd3 Rc7 *

[Event "NOR-ch 2018"]
[Site "Moss"]
[Date "2018.07.12"]
[Round "7"]
[White "Kvendseth, Thyra"]
[Black "Mansoor, Afras"]
[Result "1/2-1/2"]
[WhiteElo "1952"]
[BlackElo "1973"]
[Annotator "NA"]
[PlyCount "109"]
[EventDate "2018.07.06"]
[EventCountry "NOR"]
[SourceTitle "playchess.com"]
[Source "ChessBase"]
[SourceQuality "1"]

1. d4 Nf6 2. c4 g6 3. Nf3 Bg7 4. g3 O-O 5. Bg2 d6 6. O-O Nc6 7. Nc3 a6 8. h3 Bd7 9. Re1 Qc8 10. Kh2 e5 11. dxe5 dxe5 12. e4 Re8 13. Nd5 Nxd5 14. cxd5 Nd4 15. Nxd4 exd4 16. f4 c6 17. e5 cxd5 18. Qxd4 Be6 19. Bd2 Qc4 20. Bc3 Rab8 21. Red1 Red8 22. Qxc4 dxc4 23. Rxd8+ Rxd8 24. Bxb7 a5 25. Bc6 Rb8 26. Rd1 Bf8 27. a3 Bc5 28. g4 Kf8 29. Kg3 Rb3 30. Ba4 Rb8 31. Rd2 Ke7 32. Kf3 h5 33. Kg3 Bc8 34. Bxa5 h4+ 35. Kf3 Be6 36. Bc3 Bc8 37. Ba5 Bb7+ 38. Ke2 Bg2 39. Bc7 Ra8 40. Bd6+ Bxd6 41. exd6+ Kd8 42. Bd1 Bxh3 43. Ke3 c3 44. bxc3 Rxa3 45. Kd4 f5 46. gxf5 Bxf5 47. c4 h3 48. Kc5 Rd3 49. Rxd3 Bxd3 50. Bg4 Bf1 51. Kd4 Bg2 52. Bxh3 Bxh3 53. Ke5 Kd7 54. c5 Bf5 55. Kd4 1/2-1/2

[Event "NOR-ch 2018"]
[Site "Moss"]
[Date "2018.07.12"]
[Round "7"]
[White "Boger, Raymond"]
[Black "Store, Trond"]
[Result "1-0"]
[WhiteElo "1948"]
[BlackElo "2077"]
[Annotator "NA"]
[PlyCount "97"]
[EventDate "2018.07.06"]
[EventCountry "NOR"]
[SourceTitle "playchess.com"]
[Source "ChessBase"]
[SourceQuality "1"]

1. c4 c6 2. g3 g6 3. Bg2 d5 4. Nf3 Bg7 5. d4 Nf6 6. O-O O-O 7. Nc3 dxc4 8. a4 a5 9. e4 {D78: Fianchetto Grünfeld: 6 0-0 c6} Nfd7 (9... Na6 10. Qe2 Bg4 11. Qxc4 Nb4 12. Bf4 Nd7 13. Rad1 e5 14. dxe5 Qc8 15. Qb3 Be6 16. Qa3 Re8 {1-0 (58) Li,C (2720)-Bykhovsky,A (2496) chess.com INT 2017}) 10. Bf4 $146 ({Predecessor:} 10. Be3 Na6 11. Qe2 Nb6 12. Ne5 Be6 13. Rad1 Nb4 14. f4 Ra6 15. Kh1 Qc8 16. Qf2 Bh3 17. Bxh3 Qxh3 {1-0 (35) Barbosa,O (2425)-Ehlvest,J (2606) New York 2009}) 10... Qb6 11. Qe2 Qa6 12. Rfd1 e6 13. Bd6 Re8 14. e5 b5 15. Ng5 b4 16. Qf3 f6 17. exf6 Nxf6 18. Nce4 Nbd7 19. Bh3 h6 20. Bxe6+ Rxe6 21. Nxe6 Nxe4 22. Nc7 Ng5 23. Qe3 Qb7 24. Nxa8 Qxa8 25. h4 Nf7 26. Qe8+ Nf8 27. Bxf8 Bxf8 28. Re1 Qb7 29. Rac1 Bf5 30. Rxc4 Nd6 31. Qxc6 Qf7 32. Rc5 Bc8 33. Qd5 Bd7 34. Qxf7+ Kxf7 35. Rxa5 Bf5 36. Ra7+ Kf6 37. Ra6 Kf7 38. Rc1 Be7 39. Rc7 $18 Ne8 40. Rb7 Bc8 41. Rxe7+ Kxe7 42. Rxg6 h5 43. Rb6 Nc7 44. Rxb4 Nd5 45. Rb8 Ba6 46. b4 Bd3 47. a5 Nc3 48. f4 Ke6 49. a6 1-0

[Event "NOR-ch 2018"]
[Site "Moss"]
[Date "2018.07.12"]
[Round "7"]
[White "Fuglestein, Sander"]
[Black "Jacobsen, Fredrik Lytomt"]
[Result "1-0"]
[WhiteElo "1834"]
[BlackElo "1524"]
[Annotator "NA"]
[PlyCount "39"]
[EventDate "2018.07.06"]
[EventCountry "NOR"]
[SourceTitle "playchess.com"]
[Source "ChessBase"]
[SourceQuality "1"]

1. d4 d5 2. c4 e6 3. Nf3 Nf6 4. g3 Nbd7 5. Bg2 c6 6. Qc2 Be7 7. O-O O-O 8. b3 c5 9. cxd5 Nxd5 10. Bb2 b6 11. Nc3 N7f6 12. Rfd1 Qc7 13. Nxd5 Nxd5 14. Ba3 Ba6 15. dxc5 Bxe2 16. Qxe2 Nc3 17. Qe5 Qxe5 18. Nxe5 Rac8 19. Rd3 Bf6 20. Nd7 1-0

[Event "NOR-ch 2018"]
[Site "Moss"]
[Date "2018.07.13"]
[Round "8"]
[White "Tari, Aryan"]
[Black "Notkevich, Benjamin Arvola"]
[Result "1-0"]
[WhiteElo "2615"]
[BlackElo "2471"]
[Annotator "TA"]
[PlyCount "101"]
[EventDate "2018.07.06"]
[EventCountry "NOR"]
[SourceTitle "playchess.com"]
[Source "ChessBase"]
[SourceQuality "1"]

{[%evp 36,101,0,0,0,0,0,0,0,0,0,0,0,0,0,0,27,0,99,96,116,109,90,66,56,43,46,24,70,51,143,74,68,71,87,74,86,37,50,50,293,287,276,265,248,180,765,1077,1014,1026,5460,4922,4134,913,29986,1007,5485,683,1595,1618,1435,1379,7014,2208,29967,29967,7014,6741]} 1. e4 c5 2. Nf3 d6 3. d4 cxd4 4. Nxd4 Nf6 5. Nc3 a6 6. Be3 e5 7. Nb3 Be6 8. f3 Be7 9. Qd2 O-O 10. O-O-O Nbd7 11. g4 b5 {[%cal Bb7b5,Bb5b4][%mdl 32]} 12. g5 b4 13. Ne2 Ne8 14. f4 a5 15. f5 {B90: Sicilian Najdorf: Unusual White 6th moves, 6 Be3 Ng4 and 6 Be3 e5} a4 16. fxe6 axb3 17. cxb3 (17. exf7+ Rxf7 18. Kb1 bxc2+ 19. Qxc2 Bxg5 20. Bxg5 Qxg5 21. Ng3 Kh8 22. Bc4 Rf8 {1-0 (40) Duda,J (2678)-Wojtaszek,R (2746) Germany 2017}) 17... fxe6 18. Kb1 Rxa2 19. Bh3 {LiveBook: 10 Games} Qa5 $1 {White must now prevent ...Nc5.} 20. Bxe6+ Kh8 21. Bxd7 Ra1+ 22. Kc2 Qc7+ {[#]} 23. Nc3 $146 Rxd1 24. Qxd1 {aiming for Be6.} Qxd7 25. Nd5 Qh3 26. Re1 (26. Qe2 $5 {[%cal Rd5e7]} Bd8 27. Ra1 $11) 26... Qg2+ (26... Bd8 $11 {keeps the balance.}) 27. Re2 $16 Qxe4+ 28. Qd3 Qxd3+ 29. Kxd3 Bd8 30. Nxb4 Nc7 31. Ke4 Ne6 32. h4 Ba5 (32... Bb6 $14) 33. Nd5 (33. Nc6 $142 Nf4 34. Bxf4 Rxf4+ 35. Kd5) 33... Rb8 34. Rc2 {And now b4! would win.} Be1 {[#]} 35. h5 $1 g6 36. hxg6 hxg6 37. Rc6 Rd8 $2 {[#]} ({Black should play} 37... Bb4 $14) 38. b4 $1 $18 {[%cal Bb3b4,Bb4b5,Bb5b6][%mdl 32]} Bh4 39. b5 Bxg5 40. Bg1 Nc5+ $2 (40... Bh6 41. Bb6 Rd7) 41. Bxc5 dxc5 42. Rxg6 {[%mdl 4096] Endgame KRB-KRN} Bd2 43. b6 Kh7 44. Rc6 (44. Rg2 $142 Ba5 45. b7) 44... Rb8 45. Kxe5 (45. Nf6+ $142 Kg7 46. Nd7 Rh8 47. b7 Bg5 48. b8=Q Rxb8 49. Nxb8 Bd2 50. Nd7) 45... Be1 46. Kd6 (46. Nf6+ $142 Kg7 47. Kf5) 46... Rd8+ 47. Kxc5 Bf2+ 48. Kc4 Kg7 49. b7 Rb8 50. Rc7+ Kh6 51. Ne7 {Precision: White = 58%, Black = 32%.} 1-0

[Event "NOR-ch 2018"]
[Site "Moss"]
[Date "2018.07.13"]
[Round "8"]
[White "Agdestein, Simen"]
[Black "Hauge, Lars Oskar"]
[Result "0-1"]
[WhiteElo "2581"]
[BlackElo "2434"]
[Annotator "TA"]
[PlyCount "74"]
[EventDate "2018.07.06"]
[EventCountry "NOR"]
[SourceTitle "playchess.com"]
[Source "ChessBase"]
[SourceQuality "1"]

{[%evp 18,74,33,44,18,20,31,45,56,36,39,43,35,-14,-14,0,0,-35,-25,-10,0,-11,0,-22,0,-14,-20,-22,-16,-35,0,0,0,0,0,0,0,0,0,0,0,0,0,0,0,0,0,-189,-139,-233,-222,-226,-225,-191,-192,-273,-262,-566,-558]} 1. d4 Nf6 2. c4 c5 3. d5 b5 4. cxb5 a6 5. bxa6 g6 6. Nc3 {A58: Wolga/Benkö-Gambit} Bg7 7. e4 {[%cal Be2e4,Be4e5,Be5e6][%mdl 32]} O-O 8. Be2 Qa5 9. Bd2 Bxa6 10. e5 {LiveBook: 17 Partien} Ne8 $1 11. Nf3 d6 12. e6 f5 13. Nb5 $146 ({Vorgänger:} 13. h4 Bxe2 14. Qxe2 {1-0 (56) Riazantsev,A (2646)-Andriasian,Z (2594) Minsk 2015}) 13... Qb6 14. a4 Nc7 15. Nxc7 Qxc7 16. Bc3 Qb7 17. Qd2 Bxe2 18. Kxe2 Na6 19. Rhd1 $1 Nc7 20. Qd3 Rfb8 21. h4 Qa6 22. Qxa6 Rxa6 23. h5 Rba8 24. hxg6 hxg6 25. Bxg7 Kxg7 26. b3 Rb6 27. Rd3 $1 Rb4 28. Nd2 Nb5 29. Rh1 Nd4+ 30. Kd1 f4 31. Rh4 g5 32. Rg4 $2 (32. Rh5 $11 Kg6 33. Rdh3) 32... Kf6 {[%mdl 1024] Schwarz hat starke Kompensation.} 33. Kc1 (33. Rh3 $17) 33... Kf5 34. f3 {[#]} Ne2+ $1 35. Kc2 Ng3 36. Rc3 (36. Rxg3 {ist eine bessere Verteidigung.} fxg3 37. Nc4) 36... Nh5 $19 37. Rc4 $2 (37. g3) 37... Rxc4+ {Precision: Weiß = 59%, Schwarz = 76%.} 0-1

[Event "NOR-ch 2018"]
[Site "Moss"]
[Date "2018.07.13"]
[Round "8"]
[White "Urkedal, Frode Olav Olsen"]
[Black "Djurhuus, Rune"]
[Result "1-0"]
[WhiteElo "2552"]
[BlackElo "2438"]
[Annotator "ChessBase"]
[PlyCount "71"]
[EventDate "2018.07.06"]
[EventCountry "NOR"]
[SourceTitle "playchess.com"]
[Source "ChessBase"]
[SourceQuality "1"]

1. d4 Nf6 2. c4 g6 3. Nc3 Bg7 4. e4 d6 5. Nf3 O-O 6. h3 c5 7. d5 e6 8. Bd3 exd5 9. exd5 Re8+ 10. Be3 Nbd7 11. O-O Rxe3 12. fxe3 Qe7 13. Qd2 b6 14. Qf2 Ba6 15. a4 Ne5 16. Nxe5 Qxe5 17. a5 bxa5 18. Rxa5 Bc8 19. Nb5 Qe7 20. e4 Nd7 21. b4 a6 22. bxc5 Nxc5 23. Bc2 Be5 24. Nd4 Bd7 25. Nf3 Bc3 26. Rxc5 dxc5 27. e5 Re8 28. Kh1 Qf8 29. Qe3 Bb2 30. Rb1 Bxe5 31. Nxe5 Qd6 32. Rb7 Bc8 33. Nxf7 Rxe3 34. Nxd6 Bxb7 35. Nxb7 Kf7 36. d6 1-0

[Event "NOR-ch 2018"]
[Site "Moss"]
[Date "2018.07.13"]
[Round "8"]
[White "Elsness, Frode"]
[Black "Tallaksen, Levi Andre"]
[Result "1/2-1/2"]
[WhiteElo "2468"]
[BlackElo "2298"]
[Annotator "TA"]
[PlyCount "92"]
[EventDate "2018.07.06"]
[EventCountry "NOR"]
[SourceTitle "playchess.com"]
[Source "ChessBase"]
[SourceQuality "1"]

{[%evp 22,92,60,50,57,45,54,49,119,136,187,87,101,99,100,110,104,88,123,97,100,109,98,64,92,0,0,0,0,0,0,0,0,0,0,2,13,0,0,0,0,0,0,0,0,0,0,0,477,0,0,0,0,0,3,2,4,0,0,0,0,0,0,0,0,0,0,0,0,0,0,-6,-2]} 1. Nf3 Nf6 2. c4 e6 3. g3 d5 4. Bg2 Nbd7 5. b3 Bd6 6. O-O O-O 7. Bb2 c6 8. d4 Qe7 9. Nc3 Re8 {E01: Catalan: Early deviations} 10. Qc2 dxc4 11. bxc4 e5 12. e3 {LiveBook: 4 Games} Ba3 13. Rfe1 $146 ({Predecessor:} 13. Bxa3 Qxa3 14. c5 exd4 15. exd4 Nf8 16. Ne5 Ne6 {1-0 (28) Gurevich,D (2535)-Takemoto,N (2025) Chicago 1994}) 13... Bxb2 14. Qxb2 c5 ({Black should try} 14... Qd8 $14) 15. Qa3 Qf8 (15... a6 $16 {is a better defense.}) 16. Nb5 (16. dxe5 $18 Nxe5 17. Nxe5 Rxe5 18. Rab1) 16... cxd4 $16 17. Qxf8+ Rxf8 18. exd4 exd4 19. Nfxd4 Nc5 20. Re5 Nd3 21. Re7 Rd8 22. Rb1 Kf8 23. Rxb7 (23. Bxb7 $16 Bxb7 24. Rxb7) 23... Bxb7 $11 24. Bxb7 Rab8 25. Nc6 Rxb7 26. Nxd8 Rb6 27. a4 a5 28. Rd1 Nc5 29. Na7 Rb4 30. Ndc6 Rxa4 31. Rd8+ Ne8 32. Nb5 {Black must now prevent Nd6.} Ne6 33. Rc8 Rxc4 34. Nd6 {[%csl Gd6][%cal Rc8e8] [#]} Rc1+ 35. Kg2 {[%csl Gd6][%cal Rc8e8]} N6c7 {The position is equal.} 36. Nxa5 {aiming for Nxe8.} Rd1 37. Nac4 Ke7 38. Nf5+ Kf6 39. Nce3 {[#] Hoping for Nxg7.} Rb1 40. Rd8 g6 41. Nh6 {With the idea Rd7.} Ke7 42. Rd4 f5 43. g4 fxg4 44. Nhxg4 Rb5 45. Re4+ Ne6 46. Re5 Rxe5 {Precision: White = 54%, Black = 81%.} 1/2-1/2

[Event "NOR-ch 2018"]
[Site "Moss"]
[Date "2018.07.13"]
[Round "8"]
[White "Holm, Kristian Stuvik"]
[Black "Hammer, Jon Ludvig"]
[Result "0-1"]
[WhiteElo "2453"]
[BlackElo "2631"]
[Annotator "TA"]
[PlyCount "64"]
[EventDate "2018.07.06"]
[EventCountry "NOR"]
[SourceTitle "playchess.com"]
[Source "ChessBase"]
[SourceQuality "1"]

{[%evp 28,64,-18,-16,-17,-63,-50,-72,-71,-104,-100,-95,-102,-97,-104,-100,-95,-139,-145,-150,-149,-206,-205,-196,-177,-213,-204,-237,-242,-339,-351,-449,-437,-427,-406,-551,-535,-546,-548]} 1. d4 Nf6 2. c4 g6 3. Nc3 d5 4. cxd5 Nxd5 5. g3 Bg7 6. Bg2 Nb6 7. Nf3 Nc6 8. O-O Nxd4 9. Nxd4 Qxd4 10. Qxd4 Bxd4 11. Nb5 {D71: Grünfeldindisch (Fianchetto)} Be5 12. Bf4 Bxf4 13. gxf4 Kd8 14. Rfd1+ Nd7 15. Rac1 {LiveBook: 8 Partien} c6 16. Nd4 a5 $1 {[%cal Ba7a5,Ba5a4][%mdl 32]} 17. a3 $146 {[#]} ({Vorgänger:} 17. b3 e6 18. a3 Ke7 {½-½ (31) Hovhannisyan,M (2483)-Horvath,C (2557) Belgium 2013}) 17... a4 $1 18. f5 Ke8 19. Rc3 Kf8 20. e4 Kg7 21. f4 Nf6 22. Rc5 Rd8 23. Bf3 gxf5 24. exf5 (24. Nxf5+ $17 Bxf5 25. Rxf5) 24... Rd6 $19 25. Kf2 Kf8 26. Ke3 Bd7 27. Rdc1 Rd8 28. Re5 (28. R1c3 {ist eine bessere Verteidigung.}) 28... Be8 29. Rc4 b5 30. Rb4 Nd7 31. Nxc6 Nxe5 32. Nxe5 f6 {Precision: Weiß = 37%, Schwarz = 98%.} 0-1